MARC

LEADER 00000nam0a2200000 4500
001 25865
005 20231030201218.0
010 |a 521002041X 
035 |a (RuTPU)RU\TPU\book\26103 
035 |a BOOK00000019 
090 |a 25865 
100 |a 20011209d1993 m y0rusy50 ca 
101 0 |a rus 
102 |a RU 
105 |a a z 000zd 
200 1 |a Вам рассказывает артист  |e Монологи и диалоги  |f В. Э. Верник, Э. М. Церковер 
210 |a Москва  |c Искусство  |d 1993 
215 |a 224 с.  |c ил. 
610 1 |a театр 
610 1 |a кино 
610 1 |a музыка 
610 1 |a эстрада 
610 1 |a балет 
610 1 |a артисты 
610 1 |a режиссеры 
610 1 |a драматурги 
610 1 |a персоналии 
610 1 |a страны мира 
610 1 |a Россия 
610 1 |a 20 век 
675 |a 791.44.071.2(092)  |v 3 
675 |a 792.071(092)  |v 3 
700 1 |a Верник  |b В. Э.  |g Вадим Эмильевич 
701 1 |a Церковер  |b Э. М.  |g Эдуард Моисеевич 
801 0 |a RU  |b 63413507  |c 20011209  |g PSBO 
801 2 |a RU  |b 63413507  |c 20160414  |g PSBO 
942 |c BK